000 00376nam a2200169Ia 4500
003 0STCL
008 150530s9999 xx 000 0 und d
040 _aSTCL
_cSTCL
100 _aGopal Prasad Vyass
245 _aAnaari Narr
260 _bNational; Delhi
_c1969
_aDelhi
300 _a0
546 _aHindi
942 _2ddc
_cBK
999 _c62859
_d62859
005 20220125171215.0